| 000 | 00000nam##2200000za#4500 |
| 001 | 9.688685 |
| 003 | CaOODSP |
| 005 | 20210624231537 |
| 007 | cr ||||||||||| |
| 008 | 150407|2006||||xxc|||||o f|0| 0 eng|d |
| 020 | |a0-662-43845-0 |
| 040 | |aCaOODSP|beng |
| 043 | |an-cn--- |
| 086 | 1 |aH34-154/2006E-PDF |
| 110 | 1 |aCanada. |bHealth Canada. |bFirst Nations and Inuit Health Branch. |
| 245 | 10|aFact sheet on avian influenza - what First Nations and Inuit people need to know about Avian Influenza or 'Bird Flu' |h[electronic resource] |
| 260 | |aOttawa - Ontario : |bHealth Canada. |cFall 2006. |
| 300 | |a2p.|bphotographs |
| 500 | |aThe catalogue number (H34-154/2006E) and ISBN (0-662-43844-2) for the print edition have been incorrectly copied in this electronic publication. |
| 590 | |a12-42-Supp|b2012-11-21 |
| 690 | 07|aInfluenza|2gcpds |
| 690 | 07|aIndigenous peoples|2gcpds |
| 775 | 08|tFeuillet d'information sur la grippe aviaire - ce que les peuples des Premières nations et les Inuits doivent savoir au sujet de la grippe aviaire |w(CaOODSP)9.633102 |
| 856 | 40|ahttp://publications.gc.ca|qPDF|s216 KB|uhttps://publications.gc.ca/collections/collection_2012/sc-hc/H34-154-2006-eng.pdf |
| 986 | |aHC Pub.: 3185 |